Directors by Words from Movie Titles Quiz Stats

Quiz Updated Aug 7, 2013

Challenge
Share
Tweet
Embed
Score 0/40 Timer 07:00
0 Plays Today
Words from Movie Titles Film Director % Correct
Madison, Million, TorinoClint Eastwood
89.4%
Annie, Cairo, HannahWoody Allen
85.5%
Pulp, Bill, JackieQuentin Tarantino
82.6%
Sugarland, Encounters, IndianaSteven Spielberg
80.3%
Odyssey, Clockwork, MetalStanley Kubrick
80.1%
Raging, Taxi, TemptationMartin Scorsese
78.7%
Pee-, Ed, EdwardTim Burton
74.1%
Northwest, Paradine, 39Alfred Hitchcock
72.9%
Frankenstein, Blazing, SilentMel Brooks
67.9%
Abyss, Lies, TerminatorJames Cameron
65.5%
Graffiti, Star, 1138George Lucas
64.4%
Demons, Vinci, ApolloRon Howard
63.4%
Gotta, Mo', MalcolmSpike Lee
59.3%
Rumble, Peggy, ApocalypseFrancis Ford Coppola
57.9%
Rosemary's, Fearless, PianistRoman Polanski
56.3%
Kane, Ambersons, TouchOrson Welles
54%
Framed, Future, ForrestRobert Zemeckis
52.9%
Dictator, Modern, VerdouxCharles Chaplin
51.3%
Blade, Hawk, ThelmaRidley Scott
51.2%
Chasing, Silent, MiriKevin Smith
51.1%
Words from Movie Titles Film Director % Correct
Deeds, Smith, WonderfulFrank Capra
49.8%
Velvet, Twin, ElephantDavid Lynch
49%
Steel, Point, LockerKathryn Bigelow
47.7%
Natural, Wall, JulyOliver Stone
46.6%
Malkovich, Things, AdaptationSpike Jonze
43.3%
Living, Dead, DawnGeorge Romero
42.8%
Beauty, Perdition, RevolutionarySam Mendes
41.8%
Assault, Escape, HalloweenJohn Carpenter
40.3%
Dolce, Satyricon, CabiriaFederico Fellini
37.5%
Waterfront, Streetcar, Zapata!Elia Kazan
37.2%
Throne, Fortress, SamuraiAkira Kurosawa
36.4%
Stalag, Hot, ItchBilly Wilder
36%
Prizzi's, Maltese, MadreJohn Huston
31.1%
Interlude, Seventh, FannyIngmar Bergman
28.8%
Boyz, Learning, FuriousJohn Singleton
25.5%
Lincoln, Wrath, ClementineJohn Ford
22.6%
Miniver, Roman, -HurWilliam Wyler
16.2%
Friday, Sleep, BravoHoward Hawks
12.7%
McGinty, Sullivan's, EvePreston Sturges
11.9%
Breakdown, Tie, MotherPedro Almodovar
10.8%

You're not logged in!

Compare scores with friends on all Sporcle quizzes.
Sign Up with Email
OR
Log In

You Might Also Like...

Show Comments

Extras

Top Quizzes Today


Score Distribution

Your Account Isn't Verified!

In order to create a playlist on Sporcle, you need to verify the email address you used during registration. Go to your Sporcle Settings to finish the process.